00249 a2200121 4500001000700000020000600007040001100013100002700024240003000051245002500081362000900106440001200115164801 a  cMagnum aRezende, Antonio Paulo10aA revolucao praieiralpor10aA revolucao praieira0 a1899 1aÁtica